Thơ thiền Đường Tống /
Những tác phẩm thi ca của các thiền sư đời Đường, Tống được đưa vào Đại tạng kinh như: Chứng Đạo Ca, Tham Đồng Khế, Bảo Cảnh Tam Muội, Linh Khê Ca, Sơn Cư Bách Vịnh...
Salvato in:
| Autore principale: | |
|---|---|
| Natura: | Libro |
| Lingua: | Vietnamese |
| Pubblicazione: |
Đồng Nai :
Nxb Đồng Nai,
2000.
|
| Soggetti: | |
| Tags: |
Aggiungi Tag
Nessun Tag, puoi essere il primo ad aggiungerne! !
|
| Thư viện lưu trữ: | Mạng thư viện Đại học Đà Nẵng |
|---|
| LEADER | 01184cam a2200373 i 4500 | ||
|---|---|---|---|
| 001 | 000046737 | ||
| 003 | 6245 | ||
| 005 | 20041027092606.0 | ||
| 008 | 010306b2000 vm 000 vie | ||
| 020 | |c 38000 | ||
| 040 | |a IRC |c IRC |d IRC | ||
| 041 | 0 | |a vie | |
| 082 | 1 | 4 | |a 895.1 |b ĐÔ-B |
| 100 | 1 | |a Đỗ Tùng Bách. | |
| 245 | 1 | 0 | |a Thơ thiền Đường Tống / |c Đỗ Tùng Bách. |
| 260 | |a Đồng Nai : |b Nxb Đồng Nai, |c 2000. | ||
| 300 | |a 383 tr. ; |c 20,5 cm. | ||
| 520 | 3 | |a Những tác phẩm thi ca của các thiền sư đời Đường, Tống được đưa vào Đại tạng kinh như: Chứng Đạo Ca, Tham Đồng Khế, Bảo Cảnh Tam Muội, Linh Khê Ca, Sơn Cư Bách Vịnh... | |
| 630 | 0 | 4 | |a Văn học Trung Quốc. |
| 630 | 0 | 4 | |a Thơ. |
| 630 | 0 | 4 | |a Thơ thiền Đường Tống. |
| 650 | 0 | 4 | |a Văn học Trung Quốc. |
| 650 | 0 | 4 | |a Thơ thiền Đường Tống. |
| 650 | 0 | 4 | |a Thi ca Trung Quốc. |
| OWN | |a DUT | ||
| 999 | |a From the UDN01 | ||
| TYP | |a Monograph | ||
| TYP | |a Printed language | ||
| 980 | |a Mạng thư viện Đại học Đà Nẵng | ||